000 00390nam a22001577a 4500
005 20251108170638.0
008 250721s1957 xx 000 0 eng d
082 1 4 _af/fle
100 1 _afleming, ian
245 1 0 _afrom russia with love /
264 1 _aNew York :
_bthe new american library,
_c1957.
300 _a191p.
650 1 7 _aenglish fiction
942 _2ddc
_cBK
999 _c45604
_d45604